Every 100k+ City in Europe that Start with I - Statistics

General Stats
  • This quiz has been taken 38 times
    27 since last reset
  • The average score is 6 of 9
Answers on the Map
Answers color-coded by a green-red scale on the quiz's map according to % correct below.
 
Answer Stats
Country City Population % Correct
Turkey Istanbul 9,874,000
100%
Austria Innsbruck 131,319
96%
United Kingdom Ipswich 151,562
78%
Germany Ingolstadt 138,016
74%
Romania Iași 271,692
70%
Russia Izhevsk 623,472
61%
Russia Ivanovo 361,644
57%
Netherlands IJmuiden 117,440
35%
Ukraine Ivano-Frankivsk 238,196
30%
No matching quizzes found
Score Distribution
Percent of People with Each Score
Percentile by Number Answered
Your Score History
You have not taken this quiz since the last reset